| 000 | 00547cab a22001935a 4500 | ||
|---|---|---|---|
| 001 | L139977 | ||
| 008 | 070824e20071708xxkd f 000 0 eng d | ||
| 035 | _a(Sirsi) u139977 | ||
| 041 | 0 | _aeng | |
| 100 | 1 | _aHall, Algy | |
| 245 | 0 | 0 | _aHow to pick property shares |
| 260 | _c2007 | ||
| 490 | 0 |
_aInvestors Chronicle _v160(2051) 17-23 August 2007, 24-27(4) |
|
| 520 | _aExplains how to assess the value of property companies. | ||
| 590 | _aka | ||
| 651 | 4 |
_aUnited Kingdom _y |
|
| 690 | _aPROPERTY-PROPERTY APPRAISAL AND VALUATION | ||
| 942 | _n0 | ||
| 999 |
_c79148 _d79148 |
||